LEADER 05312nam 22008895 450 001 996465755303316 005 20200701055850.0 010 $a3-319-50835-0 024 7 $a10.1007/978-3-319-50835-1 035 $a(CKB)3710000001006516 035 $a(DE-He213)978-3-319-50835-1 035 $a(MiAaPQ)EBC6281066 035 $a(MiAaPQ)EBC5595663 035 $a(Au-PeEL)EBL5595663 035 $a(OCoLC)1076264504 035 $a(PPN)197455255 035 $a(EXLCZ)993710000001006516 100 $a20161209d2016 u| 0 101 0 $aeng 135 $aurnn|008mamaa 181 $ctxt$2rdacontent 182 $cc$2rdamedia 183 $acr$2rdacarrier 200 10$aAdvances in Visual Computing$b[electronic resource] $e12th International Symposium, ISVC 2016, Las Vegas, NV, USA, December 12-14, 2016, Proceedings, Part I /$fedited by George Bebis, Richard Boyle, Bahram Parvin, Darko Koracin, Fatih Porikli, Sandra Skaff, Alireza Entezari, Jianyuan Min, Daisuke Iwai, Amela Sadagic, Carlos Scheidegger, Tobias Isenberg 205 $a1st ed. 2016. 210 1$aCham :$cSpringer International Publishing :$cImprint: Springer,$d2016. 215 $a1 online resource (XXXVI, 873 p. 392 illus.) 225 1 $aImage Processing, Computer Vision, Pattern Recognition, and Graphics ;$v10072 311 $a3-319-50834-2 320 $aIncludes bibliographical references and index. 327 $aComputational bioimaging -- Computer graphics -- Motion and tracking.-Segmentation -- Pattern recognition -- Visualization -- 3D mapping -- Modeling and surface reconstruction -- Advancing autonomy for aerial robotics -- Medical imaging -- Virtual reality -- Computer vision as a service -- visual perception and robotic systems -- Biometrics. 330 $aThe two volume set LNCS 10072 and LNCS 10073 constitutes the refereed proceedings of the 12th International Symposium on Visual Computing, ISVC 2016, held in Las Vegas, NV, USA in December 2016. The 102 revised full papers and 34 poster papers presented in this book were carefully reviewed and selected from 220 submissions. The papers are organized in topical sections: Part I (LNCS 10072) comprises computational bioimaging; computer graphics; motion and tracking; segmentation; pattern recognition; visualization; 3D mapping; modeling and surface reconstruction; advancing autonomy for aerial robotics; medical imaging; virtual reality; computer vision as a service; visual perception and robotic systems; and biometrics. Part II (LNCS 9475): applications; visual surveillance; computer graphics; and virtual reality. 410 0$aImage Processing, Computer Vision, Pattern Recognition, and Graphics ;$v10072 606 $aPattern recognition 606 $aOptical data processing 606 $aComputer graphics 606 $aArtificial intelligence 606 $aSpecial purpose computers 606 $aComputer security 606 $aPattern Recognition$3https://scigraph.springernature.com/ontologies/product-market-codes/I2203X 606 $aImage Processing and Computer Vision$3https://scigraph.springernature.com/ontologies/product-market-codes/I22021 606 $aComputer Graphics$3https://scigraph.springernature.com/ontologies/product-market-codes/I22013 606 $aArtificial Intelligence$3https://scigraph.springernature.com/ontologies/product-market-codes/I21000 606 $aSpecial Purpose and Application-Based Systems$3https://scigraph.springernature.com/ontologies/product-market-codes/I13030 606 $aSystems and Data Security$3https://scigraph.springernature.com/ontologies/product-market-codes/I28060 615 0$aPattern recognition. 615 0$aOptical data processing. 615 0$aComputer graphics. 615 0$aArtificial intelligence. 615 0$aSpecial purpose computers. 615 0$aComputer security. 615 14$aPattern Recognition. 615 24$aImage Processing and Computer Vision. 615 24$aComputer Graphics. 615 24$aArtificial Intelligence. 615 24$aSpecial Purpose and Application-Based Systems. 615 24$aSystems and Data Security. 676 $a006.6 702 $aBebis$b George$4edt$4http://id.loc.gov/vocabulary/relators/edt 702 $aBoyle$b Richard$4edt$4http://id.loc.gov/vocabulary/relators/edt 702 $aParvin$b Bahram$4edt$4http://id.loc.gov/vocabulary/relators/edt 702 $aKoracin$b Darko$4edt$4http://id.loc.gov/vocabulary/relators/edt 702 $aPorikli$b Fatih$4edt$4http://id.loc.gov/vocabulary/relators/edt 702 $aSkaff$b Sandra$4edt$4http://id.loc.gov/vocabulary/relators/edt 702 $aEntezari$b Alireza$4edt$4http://id.loc.gov/vocabulary/relators/edt 702 $aMin$b Jianyuan$4edt$4http://id.loc.gov/vocabulary/relators/edt 702 $aIwai$b Daisuke$4edt$4http://id.loc.gov/vocabulary/relators/edt 702 $aSadagic$b Amela$4edt$4http://id.loc.gov/vocabulary/relators/edt 702 $aScheidegger$b Carlos$4edt$4http://id.loc.gov/vocabulary/relators/edt 702 $aIsenberg$b Tobias$4edt$4http://id.loc.gov/vocabulary/relators/edt 801 0$bMiAaPQ 801 1$bMiAaPQ 801 2$bMiAaPQ 906 $aBOOK 912 $a996465755303316 996 $aAdvances in Visual Computing$9772261 997 $aUNISA LEADER 01867oam 2200589M 450 001 9910715744303321 005 20191123063223.9 035 $a(CKB)5470000002514632 035 $a(OCoLC)1066036121 035 $a(OCoLC)995470000002514632 035 $a(EXLCZ)995470000002514632 100 $a20070221d1851 ua 0 101 0 $aeng 135 $aurcn||||||||| 181 $ctxt$2rdacontent 182 $cc$2rdamedia 183 $acr$2rdacarrier 200 10$aPractice of state courts, &c. March 3, 1851. Ordered to be printed 210 1$a[Washington, D.C.] :$c[publisher not identified],$d1851. 215 $a1 online resource (1 page) 225 1 $aHouse report / 31st Congress, 2nd session. House ;$vno. 67 225 1 $a[United States congressional serial set ] ;$v[serial no. 606] 300 $aBatch processed record: Metadata reviewed, not verified. Some fields updated by batch processes. 300 $aFDLP item number not assigned. 606 $aJustice, Administration of 606 $aCircuit courts 606 $aCivil law 606 $aConstitutional law 606 $aDistrict courts 606 $aEquity 606 $aJudicial process 606 $aState courts 608 $aLegislative materials.$2lcgft 615 0$aJustice, Administration of. 615 0$aCircuit courts. 615 0$aCivil law. 615 0$aConstitutional law. 615 0$aDistrict courts. 615 0$aEquity. 615 0$aJudicial process. 615 0$aState courts. 701 $aThompson$b James$f1806-1874$pDemocrat (PA)$01390622 801 0$bWYU 801 1$bWYU 801 2$bOCLCO 801 2$bOCLCQ 801 2$bOCLCO 801 2$bOCLCQ 906 $aBOOK 912 $a9910715744303321 996 $aPractice of state courts, &c. March 3, 1851. Ordered to be printed$93467074 997 $aUNINA